=LDR 00000nam 2200000 4500 =001 INLIS000000000003920 =005 20200616120704 =035 ##$$a 0010-061300000003920 =008 200616################g##########0#ind## =041 ##$$a Ind =082 ##$$a 2x4.88 =090 ##$$a 920, Hsu d =100 1#$$a Hsubky, Badruddin, K.H =245 1#$$a Dilema ulama dalam perubahan zaman /$c K. H. Drs. Badruddin Hsubky =260 ##$$a Jakarta :$b Gema Insani =300 ##$$a 156 hlm. ; $c 21 x 14 cm. =650 #4$$a Ulama =850 ##$$a NBPNMAT =020 ##$$a 979-561-279-4 =084 ##$$a 2x4.88 HSU d =250 ##$$a cet. 1 =500 ##$$a Bibliografi hlm. 141-143 =520 ##$$a Indeks. hlm.144-153 =990 ##$$a DW99004696 =990 ##$$a DW99004697 =990 ##$$a 00051962 =990 ##$$a 00053877 =990 ##$$a 00091368 =990 ##$$a 113.354/pro-97